000 00812cam a22002777a 4500
003 CHAP
005 20220329134524.0
008 100303s2007 r 00010 d
010 _a21590
011 _a22562
035 _a26657
040 _cCHAP
082 1 0 _a631.542
_bJ85
100 0 0 _aJoyce, David.
_962242
245 1 4 _aEnciclopedia de la poda
_c/ por David Joyce y Christopher Brickell
260 _aHong Kong :
_bBlume,
_c2007
300 _a267 p.
_b: ilus.
534 _pTít. original :
_tPruning an training
590 _aBATCH-UPD
_b10
_c20130110
_lUCH01
_h1123
590 _aCONVERSION
_b10
_c20130109
_lUCH01
_h1313
650 0 4 _aPoda.
_989467
700 0 _aBrickell, Christopher.
_915311
901 _aBK
942 _cLIBRO
949 _a631.542 J85
_bBC
_cLIBRO
_d33724002210710
_eLIBRO
_i26657
_si
999 _c21590
_d21590